| Registos Bibliográficos associados ao registo de autoridade |
|
Etiqueta de registo: 00976nam 2200289 450 001 1842415 003 http://id.bnportugal.gov.pt/bib/catbnp/1842415 010 ## $a978-972-96476-1-1 021 ## $aPT$b353651/13 100 ## $a20130621d2013 k y0pory0103 ba 101 1# $apor$cspa 102 ## $aPT 105 ## $aa z 001yy 106 ## $ar 200 1# $aFundamentos da direcção de empresas$fJuan Antonio Pérez López$gtrad., rev. Pedro Torres Ramos... [et al.] 205 ## $a3ª ed 210 #9 $aLisboa$cAESE - Escola de Direcção e Negócios,$d2013 215 ## $a286 p.$cil.$d23 cm 225 2# $aManuais AESE.$iFator humano na organização 304 ## $aTít. orig.: Fundamentos de la dirección de empresas 675 ## $a005(035)$vBN$zpor$31214636 675 ## $a658(035)$vBN$zpor$31216102 700 #1 $aPérez López,$bJuan Antonio,$f1934–1996$3243680 702 #1 $aRamos,$bPedro Torres$4730$3243681 801 #0 $aPT$bBN$gRPC 856 41 $uhttp://rnod.bnportugal.gov.pt/ImagesBN/winlibimg.aspx?skey=&doc=1842415&img=28576&save=true 900 ## $aBIBNAC$d20130723 966 ## $lBN$mFGMON$sP. 37652 V.$x1 966 ## $lBN$mFGMON$sP. 37652 V.-D$x1
Etiqueta de registo: 00951cam 22003013 450 001 664357 003 http://id.bnportugal.gov.pt/bib/catbnp/664357 005 19990106000000.0 010 ## $a972-96476-1-5 021 ## $aPT$b105347/96 095 ## $aPTBN00876087 100 ## $a19970312d1996 m y0pory0103 ba 101 1# $apor$cspa 102 ## $aPT 105 ## $aa z 001yy 106 ## $ar 200 1# $aFundamentos da direcção de empresas$fJuan Antonio Pérez López$gtrad. Pedro Torres Ramos... [et. al] 205 ## $a1ª ed 210 #9 $aLisboa$cAESE - Associação de Estudos Superiores de Empresa,$d1996 215 ## $a284 p.$cil.$d23 cm 304 ## $aTít. orig.: Fundamentos de la dirección de empresas 675 ## $a005(035)$vBN$zpor$31214636 675 ## $a658(035)$vBN$zpor$31216102 700 #1 $aPérez López,$bJuan Antonio,$f1934–1996$3243680 702 #1 $aRamos,$bPedro Torres$4730$3243681 801 #0 $aPT$bBN$gRPC 966 ## $c2$lBN$mFGMON$sS.A. 83266 V.$x1 966 ## $c2$lBN$mFGMON$sS.A. 83266 V.$x1
Etiqueta de registo: 00976cam 2200289 450 001 1032100 003 http://id.bnportugal.gov.pt/bib/catbnp/1032100 005 20001127164700.0 010 ## $a972-96476-1-5 021 ## $aPT$b105347/96 100 ## $a20000907e1996 k y0pory0103 ba 101 1# $apor$cspa 102 ## $aPT 105 ## $aa z 001yy 106 ## $ar 200 1# $aFundamentos da direcção de empresas$fJuan Antonio Pérez López$gtrad. Pedro Torres Ramos... [et al.] 205 ## $a1ª ed.,$b[reimp.] 210 #9 $aLisboa$cAESE - Associação de Estudos Superiores de Empresa,$d1996 215 ## $a284, [1] p.$cil.$d23 cm 304 ## $aTít. orig.: Fundamentos de la dirección de empresas 320 ## $aContém referências bibliográficas 675 ## $a005(035)$vBN$zpor$31214636 675 ## $a658(035)$vBN$zpor$31216102 700 #1 $aPérez López,$bJuan Antonio,$f1934–1996$3243680 702 #1 $aRamos,$bPedro Torres$4730$3243681 966 ## $lBN$mFGMON$sS.A. 94265 V.$x1 966 ## $lBN$mFGMON$sS.A. 94265 V.$x1
Etiqueta de registo: 00976nam 2200289 450 001 2068920 003 http://id.bnportugal.gov.pt/bib/catbnp/2068920 010 ## $a972-96476-1-5 021 ## $aPT$b477882/20 100 ## $a20210510d2021 k y0pory01030103ba 101 1# $apor$cspa 102 ## $aPT 105 ## $ay z 000yy 106 ## $ar 200 1# $aFundamentos da direcção de empresas$fJuan Antonio Pérez López$gtrad. Pedro Torres Ramos... [et al.] 205 ## $a5ª ed 210 #9 $aLisboa$cAESE - Associação de Estudos Superiores de Empresa,$d2021 215 ## $a284, [2] p.$d23 cm 304 ## $aTít. orig.: Fundamentos de la dirección de empresas 675 ## $a005(035)$vBN$zpor$31214636 675 ## $a658(035)$vBN$zpor$31216102 700 #1 $aPérez López,$bJuan Antonio,$f1934–1996$3243680 702 #1 $aRamos,$bPedro Torres$4730$3243681 801 #0 $aPT$bBN$gRPC 856 41 $uhttp://rnod.bnportugal.gov.pt/ImagesBN/winlibimg.aspx?skey=&doc=2068920&img=149804&save=true 900 ## $aBIBNAC$d20210601 966 ## $lBN$mFGMON$sP. 57556 V.$x1 966 ## $lBN$mFGMON$sP. 57556 V.-D$x1
Etiqueta de registo: 00976nam 2200289 450 001 2281565 003 http://id.bnportugal.gov.pt/bib/catbnp/2281565 010 ## $a972-96476-1-5 021 ## $aPT$b553452/25 100 ## $a20260318d2025 k y0pory01030103ba 101 1# $apor$cspa 102 ## $aPT 105 ## $ay z 000yy 106 ## $ar 200 1# $aFundamentos da direcção de empresas$fJuan Antonio Pérez López$gtrad., rev. e compos. Pedro Torres Ramos... [et al.] 205 ## $a6ª ed 210 #9 $aLisboa$cAESE - Associação de Estudos Superiores de Empresa,$d2025 215 ## $a284, [2] p.$d23 cm 225 2# $aManuais AESE 304 ## $aTít. orig.: Fundamentos de la dirección de empresas 606 ## $aEmpresas$xGestão$2SIPOR$311352 675 ## $a005(035)$vBN$zpor$31214636 675 ## $a658(035)$vBN$zpor$31216102 700 #1 $aPérez López,$bJuan Antonio,$f1934–1996$3243680 702 #1 $aRamos,$bPedro Torres$4730$3243681 801 #0 $aPT$bBN$gRPC 856 41 $uhttp://rnod.bnportugal.gov.pt/ImagesBN/winlibimg.aspx?skey=&doc=2281565&img=220994&save=true 900 ## $aBIBNAC$d20260409 966 ## $lBN$mFGMON$sP. 72458 V.$x1 966 ## $lBN$mFGMON$sP. 72458 V.-D$x1 971 ## $cssilva$d20260318 972 ## $e0$z0$d20260409$vlrevez 973 ## $cigoulao$d20260325 974 ## $e0$d20260331$vrsimoes
|
|
|